| 000 | 02387cam a2200685 4500 | ||
|---|---|---|---|
| 001 | 21761 | ||
| 003 | VRT | ||
| 005 | 20260309140932.0 | ||
| 008 | 210223s2018 xr a br 000 0 slo | ||
| 015 | _aSNBZSA2020/11 | ||
| 020 |
_a9788075673046 _q(viazané) |
||
| 035 | _aurn:nbn:sk:snk-am00ensy | ||
| 035 | _aurn:nbn:sk:snk-am3il1g | ||
| 035 | _a5CB1A4C5-DC1E-4E7E-9BE1-098C5D5F4CDD | ||
| 038 | _aPPPK | ||
| 039 | 9 |
_a202102231452 _bVLOAD _c202102230835 _dVLOAD _c202011122024 _dmsnk167 _c201812051640 _dmsnk06 |
|
| 040 |
_aPPPK _bslo _cPPPK _dSNK _erda |
||
| 041 | 1 |
_aslo _hspa |
|
| 044 |
_axr _cCZ |
||
| 072 | 7 |
_a502 _xŽivotné prostredie a jeho ochrana _2konspekt |
|
| 072 | 7 |
_a0/9-053.2 _xLiteratúra pre deti a mládež (náučná) _2konspekt |
|
| 080 |
_a502.2 _22011 |
||
| 080 |
_a592/599 _22011 |
||
| 080 |
_a582 _22011 |
||
| 080 |
_a0/9 _22011 |
||
| 080 |
_a(0.062) _22011 |
||
| 080 |
_a(0.053.2) _22011 |
||
| 080 |
_a(031) _22011 |
||
| 100 | 1 |
_aCancio Barón, Eloísa _4aut |
|
| 240 | 1 | 0 |
_aEnciclopedia ilustrada de la naturaleza _lSlovensky |
| 245 | 1 | 0 |
_aPríroda okolo nás _bdetská ilustrovaná ecyklopédia _ctext: Eloísa Cancio; preklad: Marianna Strapcová |
| 246 | 3 | _aDetská ilustrovaná encyklopédia Príroda okolo nás | |
| 250 | _a1. vydanie | ||
| 264 | 1 |
_aŘíčany _bSun _c2018 |
|
| 300 |
_a133 strán _bfarebné ilustrácie _c25 cm |
||
| 336 |
_atext _btxt _2rdacontent |
||
| 337 |
_abez média _bn _2rdamedia |
||
| 338 |
_azväzok _bnc _2rdacarrier |
||
| 500 | _aPreložené zo španielčiny | ||
| 650 | 0 | 7 |
_apríroda _2SNKPH |
| 650 | 0 | 7 |
_aživočíchy _2SNKPH |
| 650 | 0 | 7 |
_arastliny _2SNKPH |
| 650 | 0 | 7 |
_avšeobecnosti a zaujímavosti _2SNKPH |
| 650 | 0 | 7 |
_aNature _2SNKPHeng |
| 650 | 0 | 7 |
_aAnimals _2SNKPHeng |
| 650 | 0 | 7 |
_aPlants _2SNKPHeng |
| 650 | 0 | 7 |
_aFacts and features _2SNKPHeng |
| 655 | 7 |
_aencyklopédie _2SNKPH |
|
| 655 | 7 |
_apopulárno-náučné publikácie _2SNKPH |
|
| 655 | 7 |
_apublikácie pre deti _2SNKPH |
|
| 655 | 7 |
_aEncyclopedias _2SNKPHeng |
|
| 655 | 7 |
_aPopular works _2SNKPHeng |
|
| 655 | 7 |
_aPublications for children _2SNKPHeng |
|
| 700 | 1 |
_aRueda, José María _4ill |
|
| 700 | 1 |
_aStrapcová, Marianna _4trl |
|
| 910 | _asnk | ||
| 942 |
_2ddc _cKLDE _n0 |
||
| 949 |
_617A1429108 _asnkSC 189794 _bsnk2020/13544 _oPemic132-ah/4Int. č. fa - 127/2018 _s6100:20201005 |
||
| 949 |
_6273K0636380 _asvkpoB 105507 _bsvkpo629669 |
||
| 999 |
_c21761 _d21761 |
||